Didáctica de las ciencias del lenguaje: aportes y reflexiones
Salvato in:
| Autori principali: | , , |
|---|---|
| Natura: | Libro |
| Lingua: | spagnolo |
| Pubblicazione: |
Buenos Aires
Paidós
1994
|
| Serie: | Paidós Educador, 111
|
| Soggetti: | |
| Tags: |
Aggiungi Tag
Nessun Tag, puoi essere il primo ad aggiungerne!!
|
MARC
| LEADER | 00000nam a2200000 a 4500 | ||
|---|---|---|---|
| 001 | UCY5565 | ||
| 003 | CL-VaPUC | ||
| 008 | 950511e19940000AG |||||||||||||||||spa|d | ||
| 020 | |a 9501221113 | ||
| 082 | 0 | 4 | |a 407 |b ALI |2 21 |
| 100 | 0 | |a Alisedo, Graciela |e author |9 334467 | |
| 700 | 0 | |a Melgar, Sara |e author |9 334468 | |
| 700 | 0 | |a Chiocci, Cristina |e author |9 334469 | |
| 245 | 1 | 0 | |a Didáctica de las ciencias del lenguaje: aportes y reflexiones |
| 300 | |a 233 p | ||
| 942 | |c BK | ||
| 945 | |d 19950511 00:00:00 |a rbrito | ||
| 260 | |a Buenos Aires |b Paidós |c 1994 | ||
| 650 | 0 | |a Alfabetización |9 310435 | |
| 650 | 0 | |a Ortografía |9 309144 | |
| 650 | 0 | |a Educación lingüística |9 306506 | |
| 650 | 7 | |a ENSEÑANZA DE LA LENGUA MATERNA |2 CL-VaPUC |9 334470 | |
| 583 | |a last modification |c 19950511 00:00:00 |k Rodrigo Vera | ||
| 490 | 0 | |a Paidós Educador, 111 | |
| 999 | |c 233206 |d 233204 | ||
| 952 | |0 0 |1 0 |4 0 |6 407_000000000000000_ALI_1994 |7 0 |8 A |9 238532 |a FDOPOS |b FDOPOS |d 2019-11-18 |i 3084507 |o 407 ALI 1994 |p 3084507 |r 2025-01-22 |w 2019-11-18 |y BK |k MLA | ||
| 952 | |0 0 |1 0 |4 0 |6 407_000000000000000_ALI_1994 |7 0 |8 A |9 238533 |a BIBEDU |b BIBEDU |d 2019-11-18 |i 4031253 |l 1 |o 407 ALI 1994 |p 4031253 |r 2023-09-12 |s 2023-09-12 |w 2019-11-18 |y BK |k EBA | ||